000 00455nam a22001817a 4500
003 NUST - PNEC
005 20170116181135.0
008 151007b xxu||||| |||| 00| 0 eng d
020 _a817596037X
040 _cLIBRARY
082 _a660.24423 CUS
100 _914238
_aCussler, E.L
245 _aDiffusion : mass transfer in fluid systems
_cE.L. Cussler
250 _a2nd ed.
260 _cc.1998
650 _914239
_aDiffusion
942 _2ddc
_cBK
999 _c70191
_d70191